| 000 | 03009nam a2200469 a 4500 | ||
|---|---|---|---|
| 003 | CHAP | ||
| 005 | 20250214091813.0 | ||
| 007 | cr ||||||a|c|a | ||
| 008 | 101110s2010 mx r 00010 spa d | ||
| 035 | _a111399 | ||
| 040 | _cCHAP | ||
| 090 | _aTesis | ||
| 100 | 1 |
_aMartínez Carreño, Edén. _971897 |
|
| 245 | 1 | 0 |
_aEvaluación financiera de la producción de jitomate Saladette en invernadero, en el municipio de San Agustín Etla, Oaxaca _c/por Edén Martínez Carreño y José Ángel Morales Ruiz; director Ignacio Caamal Cauich |
| 264 | 1 |
_aChapingo, Méx. : _bEl autor, _c2010. |
|
| 300 |
_a1 recursoen línea (81 páginas): _bcuadros, figuras, mapas |
||
| 336 |
_2rdacontent _atexto _btxt |
||
| 337 |
_2rdamedia _acomputadora _bc |
||
| 338 |
_2rdacarrier _arecursos en línea _bcr |
||
| 502 |
_bLE _cDICEA _d2010 _gLIC |
||
| 502 |
_bIEA _cDICEA _d2010 _gLIC |
||
| 520 | _aEl jitomate es una de las especies hortícolas más importantes de México debido, al alto grado de consumo que tiene, al gran valor de la producción que genera, a la alta demanda de mano de obra que requiere y a la gran cantidad de divisas que genera por la exportación. La producción de jitomate se puede realizar a campo abierto, en micro túneles, por medio de hidroponía, y, por supuesto, a través de invernaderos. La producción de jitomate en invernadero ha venido creciendo en los últimos años, explicado por la alta rentabilidad que tiene este sistema de cultivo. Congruente con lo anterior, en este trabajo se realiza una evaluación financiera del primer ciclo de producción de jitomate “saladette” bajo invernadero, realizado por el grupo de trabajo “CULTIVOS MANO DE LEON SPR DE RL”, ubicado en la localidad de San Agustín Etla, Oaxaca. Los valores obtenidos a través de los indicadores de rentabilidad, VAN, B/C, N/K TIR, y del punto de equilibrio, muestran que el proyecto se encuentra por debajo de los valores críticos, por lo que no es rentable en el primer ciclo, debido al alto peso de las inversiones, las cuales empiezan a tener menor impacto a partir del segundo año de producción. | ||
| 590 |
_aALEPH _b10 _c20130110 |
||
| 590 |
_aBATCH-UPD _b10 _c20130110 |
||
| 590 |
_aBATCH-UPD _b10 _c20130410 |
||
| 590 |
_aBATCH-UPD _b10 _c20130914 |
||
| 590 |
_aBATCH-UPD _b10 _c20140324 |
||
| 590 |
_aBATCH-UPD _b10 _c20141002 |
||
| 590 |
_aCONVERSION _b10 _c20130109 |
||
| 650 | 0 | 4 |
_aTomate _xAspectos económicos _xOaxaca. _9113685 |
| 650 | 0 | 4 |
_aTomate _xCostos de producción. _9113701 |
| 650 | 0 | 4 |
_aTomate _xCultivos en invernadero. _9113704 |
| 700 | 1 |
_aMorales Ruiz, José Ángel. _978412 |
|
| 700 | 1 |
_aCaamal Cauich, Ignacio _eDirector _916527 |
|
| 856 |
_uhttp://10.13.5.2/tesis/111399.pdf _zDESCARGAR PDF |
||
| 901 | _aBK | ||
| 942 |
_cTD _2Clasificación Universidad Autónoma Chapingo |
||
| 949 |
_bBC _cTES _d33724002223743 _eTS1 _gDonaciØn _h51441 _i111399 _sb |
||
| 949 |
_bBC _cTES _d33724002223785 _eTS2 _fc.2 _gDonaciØn _h51442 _i111399 _sb |
||
| 999 |
_c99741 _d99741 |
||